[Event "BL 9091 Bamberg-Kirchheim"]
[Site "?"]
[Date "1990.??.??"]
[Round "?.2"]
[White "Pfleger, He"]
[Black "Gschnitzer, O."]
[Result "1/2-1/2"]
[WhiteElo "2495"]
[BlackElo "2440"]
[PlyCount "90"]
[EventDate "1990.??.??"]

1. d4 Nf6 2. c4 c5 3. e3 g6 4. Nf3 Bg7 5. Nc3 O-O 6. Be2 cxd4 7. exd4 d5 8. O-O
Nc6 9. Bg5 Be6 10. c5 Ne4 11. Be3 b6 12. Qa4 Nxc3 13. bxc3 Na5 14. Rfd1 Qc7 15.
Rac1 Rfd8 16. Nd2 Bd7 17. Qa3 bxc5 18. dxc5 Be8 19. Nb3 Nc6 20. Nd4 Bf8 21. c4
dxc4 22. Bxc4 Nxd4 23. Rxd4 Rxd4 24. Bxd4 e5 25. Be3 Bc6 26. Qb3 Rd8 27. h3 Kg7
28. Qc3 Be7 29. Bb3 f5 30. f3 Bf6 31. Rd1 f4 32. Rxd8 Qxd8 33. Bf2 e4 34. Qc4
e3 35. Qf7+ Kh6 36. Be1 Qe7 37. Qc4 Qe5 38. Kh2 e2 39. Qf7 Qe7 40. Qc4 Qe3 41.
Qe6 Qxe6 42. Bxe6 Bb5 43. g3 Bd4 44. gxf4 Bxc5 45. Kg3 Kg7 1/2-1/2

[Event "BL 9091 Bamberg-Kirchheim"]
[Site "?"]
[Date "1990.??.??"]
[Round "?.3"]
[White "Vonthron, H."]
[Black "Meister, P."]
[Result "0-1"]
[WhiteElo "2405"]
[BlackElo "2445"]
[PlyCount "96"]
[EventDate "1990.??.??"]

1. e4 e6 2. d3 c5 3. Nf3 Nc6 4. Nbd2 d5 5. g3 Nf6 6. Bg2 Be7 7. O-O O-O 8. e5
Nd7 9. Re1 Qc7 10. Qe2 b5 11. Nf1 b4 12. h4 Re8 13. h5 a5 14. N1h2 Ba6 15. Ng4
c4 16. h6 g6 17. Bg5 Nd4 18. Qd2 c3 19. bxc3 bxc3 20. Qf4 Nxf3+ 21. Bxf3 Bf8
22. Rab1 Reb8 23. Rb3 Rb4 24. Nf6+ Nxf6 25. Qxf6 Bb5 26. Re2 Ba4 27. Ra3 Qc5
28. Kg2 Rd4 29. Be3 Qxa3 30. Bxd4 Bxh6 31. Bg4 Bg7 32. Qf4 Rb8 33. Bh3 h6 34.
Bxc3 Bc6 35. Bd4 Qxa2 36. f3 a4 37. Qe3 Qb1 38. Qf2 a3 39. Re1 a2 40. f4 Ba4
41. g4 Rb2 42. Bxb2 Qxb2 43. c4 a1=Q 44. Rxa1 Qxa1 45. cxd5 exd5 46. d4 Qb1 47.
f5 g5 48. Kh2 Qc2 0-1

[Event "BL 9091 Bamberg-Kirchheim"]
[Site "?"]
[Date "1990.??.??"]
[Round "?.4"]
[White "Womacka, M."]
[Black "Mueller, O."]
[Result "1/2-1/2"]
[WhiteElo "2415"]
[BlackElo "2350"]
[PlyCount "84"]
[EventDate "1990.??.??"]

1. e4 c5 2. Nf3 e6 3. d4 cxd4 4. Nxd4 Nf6 5. Nc3 d6 6. Be2 Be7 7. O-O O-O 8.
Be3 a6 9. f4 Qc7 10. Bf3 Nc6 11. Nxc6 bxc6 12. Na4 Bb7 13. c4 c5 14. Qc2 Rad8
15. Rad1 Nd7 16. Nc3 Nb8 17. Qf2 Bf6 18. e5 dxe5 19. Bxb7 Qxb7 20. Bxc5 Rxd1
21. Rxd1 Rc8 22. fxe5 Bxe5 23. Bd4 Nc6 24. Bxe5 Nxe5 25. Qd4 Nc6 26. Qe4 Qb6+
27. Kh1 Ne7 28. Qd4 Qxd4 29. Rxd4 Nc6 30. Rd6 Kf8 31. c5 Ke7 32. Kg1 a5 33. a3
Ne5 34. b4 Nc4 35. Ra6 f5 36. c6 Kd6 37. Nb5+ Kd5 38. c7 Nxa3 39. Na7 Rxc7 40.
Rxa5+ Kc4 41. Rxa3 Kxb4 42. Ra1 Rc2 1/2-1/2

[Event "BL 9091 Bamberg-Kirchheim"]
[Site "?"]
[Date "1990.??.??"]
[Round "?.6"]
[White "Schoeneberg, M."]
[Black "Biebinger, G."]
[Result "1-0"]
[WhiteElo "2295"]
[BlackElo "2290"]
[PlyCount "69"]
[EventDate "1990.??.??"]

1. e4 e6 2. d4 d5 3. Nc3 Bb4 4. e5 b6 5. Nf3 Qd7 6. Bd3 Ba6 7. O-O Bf8 8. Ne2
Ne7 9. Ng3 g6 10. Bg5 h6 11. Bf6 Rg8 12. Re1 Bxd3 13. Qxd3 Nbc6 14. c3 O-O-O
15. b4 Kb7 16. a4 a6 17. Nd2 Ra8 18. Nb3 Nf5 19. Nxf5 gxf5 20. Reb1 Be7 21. b5
axb5 22. axb5 Na5 23. Nxa5+ Rxa5 24. Rxa5 bxa5 25. c4 dxc4 26. Qf3+ Kb8 27.
Bxe7 Qxe7 28. Qc6 Qe8 29. Qxc4 Qd7 30. b6 c6 31. Qa6 Qb7 32. Qxa5 c5 33. g3
cxd4 34. Rc1 Rc8 35. Qa7+ 1-0

[Event "BL 9091 Bamberg-Kirchheim"]
[Site "?"]
[Date "1990.??.??"]
[Round "?.7"]
[White "Schindler, W."]
[Black "Bezold, M."]
[Result "1/2-1/2"]
[WhiteElo "2310"]
[BlackElo "2335"]
[PlyCount "82"]
[EventDate "1990.??.??"]

1. Nf3 d6 2. e4 g6 3. d4 Bg7 4. Nc3 a6 5. a4 b6 6. Bc4 e6 7. O-O Bb7 8. Bg5 Ne7
9. Qd2 h6 10. Bf4 Nd7 11. h3 g5 12. Bh2 Ng6 13. Rfe1 O-O 14. Rad1 Qe7 15. Qe3
Kh8 16. Be2 Rae8 17. Bc4 Qd8 18. e5 d5 19. Bd3 c5 20. Nb1 cxd4 21. Qxd4 Nc5 22.
Bf1 Qe7 23. h4 Ne4 24. hxg5 hxg5 25. Nbd2 Rd8 26. Qe3 g4 27. Nxe4 dxe4 28. Ng5
Rxd1 29. Rxd1 Nxe5 30. Nxe4 Kg8 31. Nd6 Ng6 32. Nxb7 Qxb7 33. Bd3 Qc6 34. Be4
Qxa4 35. Bxg6 fxg6 36. Qxe6+ Kh7 37. b3 Qa2 38. Qe4 Rc8 39. Qxg4 Qxc2 40. Be5
Bxe5 41. Rd7+ Bg7 1/2-1/2

[Event "BL 9091 Bamberg-Kirchheim"]
[Site "?"]
[Date "1990.??.??"]
[Round "?.8"]
[White "Hennings, A."]
[Black "Burkart, P."]
[Result "1-0"]
[WhiteElo "2340"]
[BlackElo "2270"]
[PlyCount "121"]
[EventDate "1990.??.??"]

1. e4 g6 2. d4 Bg7 3. Nc3 d6 4. Be3 c6 5. Qd2 b5 6. f3 Nd7 7. Nh3 Nb6 8. Nf2 a5
9. Bd3 Nc4 10. Bxc4 bxc4 11. O-O Nf6 12. Rae1 Rb8 13. Ncd1 O-O 14. c3 e5 15.
Bh6 Qb6 16. Bxg7 Kxg7 17. Kh1 Nh5 18. g3 Kg8 19. Ng4 Bxg4 20. fxg4 Ng7 21. dxe5
dxe5 22. Qe2 Qb5 23. Rf2 Ne8 24. Ne3 Nd6 25. Qf3 h6 26. h4 Ne8 27. h5 Ng7 28.
Ref1 Qc5 29. hxg6 fxg6 30. Qe2 Rxf2 31. Rxf2 Ne6 32. Qxc4 Qxc4 33. Nxc4 Ng5 34.
Re2 Kg7 35. Nxe5 c5 36. Nd7 Rc8 37. e5 Ne6 38. Nb6 Rd8 39. Nc4 Rd1+ 40. Kg2 a4
41. Rd2 Ra1 42. Rd7+ Kf8 43. a3 Re1 44. Ra7 Ng5 45. Rxa4 Re2+ 46. Kf1 Re4 47.
Nb6 Re3 48. Nd7+ Ke7 49. Nxc5 Rxe5 50. Ra7+ Kd6 51. b4 Re3 52. Rd7+ Kc6 53. Rd3
Rxd3 54. Nxd3 Ne4 55. Ne5+ Kd5 56. Nxg6 Nxg3+ 57. Kg2 Ne4 58. Ne7+ Ke6 59. Ng8
Nxc3 60. Nxh6 Nd5 61. Kf3 1-0

[Event "BL 9091 Sindelfingen-Bamberg"]
[Site "?"]
[Date "1990.??.??"]
[Round "?.1"]
[White "Unzicker, W."]
[Black "Fahnenschmidt, G."]
[Result "1/2-1/2"]
[WhiteElo "2480"]
[BlackElo "2390"]
[PlyCount "41"]
[EventDate "1990.??.??"]

1. e4 c5 2. Nf3 d6 3. d4 cxd4 4. Nxd4 Nf6 5. Nc3 a6 6. g3 Nc6 7. Bg2 Bd7 8. O-O
e6 9. Nce2 Rc8 10. a4 Nxd4 11. Nxd4 Qc7 12. b3 e5 13. Nf5 d5 14. Bb2 dxe4 15.
Ne3 Be6 16. c4 Rd8 17. Qc2 Bb4 18. Rfd1 O-O 19. Bxe4 Nxe4 20. Qxe4 f6 21. Nd5
1/2-1/2

[Event "BL 9091 Sindelfingen-Bamberg"]
[Site "?"]
[Date "1990.??.??"]
[Round "?.2"]
[White "Rajkovic, D."]
[Black "Pfleger, He"]
[Result "1-0"]
[WhiteElo "2485"]
[BlackElo "2495"]
[PlyCount "111"]
[EventDate "1990.??.??"]

1. d4 d6 2. e4 Nf6 3. Nc3 g6 4. Nf3 Bg7 5. Be2 O-O 6. O-O c6 7. Bg5 Bg4 8. Qd2
Nbd7 9. Rad1 Re8 10. h3 Bxf3 11. Bxf3 Qc7 12. Rfe1 e5 13. d5 c5 14. a4 a6 15.
Ra1 Kh8 16. a5 Ng8 17. g4 Bf6 18. Be3 Bh4 19. Na4 Ne7 20. b4 c4 21. Ra3 f5 22.
Rc3 fxe4 23. Bxe4 Nc8 24. Rf1 Rf8 25. Qe2 Nf6 26. Rxc4 Qd7 27. Nc3 Nxe4 28.
Rxe4 Ne7 29. Qd3 Rf3 30. Kg2 Raf8 31. Ne2 R3f7 32. c4 Bf6 33. Rd1 Nf5 34. Bb6
Nh4+ 35. Kh1 Bd8 36. Bxd8 Qxd8 37. f4 exf4 38. Nd4 Qf6 39. Ne6 Qb2 40. Qd4+
Qxd4 41. Rexd4 Rc8 42. Rf1 f3 43. c5 dxc5 44. bxc5 Kg8 45. d6 Rd7 46. Kg1 h6
47. Kf2 g5 48. Nc7 Rcxc7 49. dxc7 Rxc7 50. Rc1 Re7 51. Rc2 Kf7 52. Rcd2 Re5 53.
Rd5 Re4 54. Rd7+ Ke8 55. Rxb7 Rc4 56. Ra7 1-0

[Event "BL 9091 Sindelfingen-Bamberg"]
[Site "?"]
[Date "1990.??.??"]
[Round "?.3"]
[White "Meister, P."]
[Black "Marinkovic, I."]
[Result "1/2-1/2"]
[WhiteElo "2445"]
[BlackElo "2460"]
[PlyCount "83"]
[EventDate "1990.??.??"]

1. d4 Nf6 2. c4 c5 3. d5 b5 4. a4 b4 5. g3 d6 6. Bg2 g6 7. b3 Bg7 8. Bb2 a5 9.
Nh3 O-O 10. O-O Ra7 11. Nf4 Nbd7 12. Nd2 Nb6 13. Qc2 Ne8 14. Bxg7 Nxg7 15. Ne4
Bf5 16. Qb2 Nd7 17. Nd3 Re8 18. Rfe1 Qb6 19. Rad1 Rb8 20. e3 Qd8 21. f4 Qf8 22.
Nef2 Bxd3 23. Rxd3 Re8 24. Bh3 Nb8 25. e4 e5 26. dxe6 Nxe6 27. Bxe6 Rxe6 28.
Red1 f5 29. exf5 gxf5 30. Nh3 h6 31. Qg2 Rae7 32. Rxd6 Re1+ 33. Rxe1 Rxe1+ 34.
Kf2 Qxd6 35. Kxe1 Nc6 36. Nf2 Nd4 37. Kf1 Nxb3 38. g4 Nd2+ 39. Kg1 Nxc4 40.
gxf5+ Kf7 41. Qb7+ Kf8 42. Qa8+ 1/2-1/2

[Event "BL 9091 Sindelfingen-Bamberg"]
[Site "?"]
[Date "1990.??.??"]
[Round "?.4"]
[White "Kraut, R."]
[Black "Womacka, M."]
[Result "1/2-1/2"]
[WhiteElo "2430"]
[BlackElo "2415"]
[PlyCount "40"]
[EventDate "1990.??.??"]

1. e4 c5 2. Nf3 d6 3. d4 cxd4 4. Qxd4 Nc6 5. Bb5 Bd7 6. Bxc6 Bxc6 7. Nc3 Nf6 8.
Bg5 e6 9. O-O-O Be7 10. Rhe1 O-O 11. Qd2 Qc7 12. Nd4 Rfc8 13. f3 b5 14. Kb1 b4
15. Nce2 a5 16. g4 a4 17. Rc1 Be8 18. h4 Qa5 19. Ng3 Bd8 20. Red1 Ra6 1/2-1/2

[Event "BL 9091 Sindelfingen-Bamberg"]
[Site "?"]
[Date "1990.??.??"]
[Round "?.5"]
[White "Ramos, D."]
[Black "Luther, T."]
[Result "1/2-1/2"]
[WhiteElo "2330"]
[BlackElo "2385"]
[PlyCount "30"]
[EventDate "1990.??.??"]

1. Nf3 Nf6 2. d4 e6 3. Bf4 b6 4. e3 Be7 5. h3 Bb7 6. Be2 O-O 7. O-O c5 8. c3
Nc6 9. Nbd2 d5 10. Bd3 a5 11. a4 Ba6 12. Bxa6 Rxa6 13. Ne5 Qa8 14. Bg5 Re8 15.
f4 Ra7 1/2-1/2

[Event "BL 9091 Sindelfingen-Bamberg"]
[Site "?"]
[Date "1990.??.??"]
[Round "?.6"]
[White "Werner, Marc"]
[Black "Schoeneberg, M."]
[Result "1/2-1/2"]
[WhiteElo "2320"]
[BlackElo "2295"]
[PlyCount "80"]
[EventDate "1990.??.??"]

1. e4 c5 2. Nf3 e6 3. d4 cxd4 4. Nxd4 Nf6 5. Nc3 d6 6. g4 h6 7. Bg2 a6 8. h4 h5
9. gxh5 Nxh5 10. Bg5 Qc7 11. Qd2 Nc6 12. O-O-O Ne5 13. Qe2 Be7 14. Kb1 g6 15.
f4 Ng3 16. Qe1 Nxh1 17. fxe5 dxe5 18. Bxe7 Qxe7 19. Nf3 Bd7 20. Bxh1 O-O-O 21.
Nxe5 Rxh4 22. Qf2 Be8 23. Nd3 Bc6 24. Rf1 Rdh8 25. Bf3 e5 26. a3 f5 27. Nb4
Bxe4 28. Bxe4 fxe4 29. Qa7 Qd6 30. Nbd5 Rh1 31. Rxh1 Rxh1+ 32. Ka2 Rh8 33. b3
Rh2 34. Qa8+ Kd7 35. Qxb7+ Ke6 36. Nc7+ Kf7 37. Kb2 Rxc2+ 38. Kxc2 Qd3+ 39. Kb2
Qd2+ 40. Kb1 Qd3+ 1/2-1/2

[Event "BL 9091 Sindelfingen-Bamberg"]
[Site "?"]
[Date "1990.??.??"]
[Round "?.7"]
[White "Bezold, M."]
[Black "Franke, H."]
[Result "1-0"]
[WhiteElo "2335"]
[BlackElo "2390"]
[PlyCount "97"]
[EventDate "1990.??.??"]

1. g3 d5 2. Bg2 Nf6 3. Nf3 Bf5 4. O-O e6 5. d3 h6 6. c4 c6 7. Nc3 Be7 8. cxd5
exd5 9. Nd4 Bh7 10. e4 O-O 11. exd5 cxd5 12. Re1 Nc6 13. Nxc6 bxc6 14. Bf4 Bd6
15. Bxd6 Qxd6 16. Rc1 Rfe8 17. Rxe8+ Rxe8 18. a3 Bf5 19. Na4 h5 20. h3 Nd7 21.
d4 h4 22. Qh5 Be4 23. Qxh4 Bxg2 24. Kxg2 Nf6 25. Qf4 Qxf4 26. gxf4 Nh5 27. Rxc6
Nxf4+ 28. Kh2 Rb8 29. b4 Ne6 30. Rd6 Nxd4 31. Rxd5 Nc2 32. Rd3 a5 33. bxa5 Ra8
34. Rd5 Nxa3 35. Nb6 Ra6 36. Rc5 Kf8 37. Nd5 g6 38. Kg2 Nb1 39. Nb4 Ra7 40.
Rc8+ Kg7 41. a6 Nd2 42. Rb8 Ne4 43. Rb7 Ra8 44. a7 Nc5 45. Rb5 Ne6 46. Nc6 Kf6
47. Rb8 Nc7 48. Rb7 Nd5 49. Nd4 1-0

[Event "BL 9091 Sindelfingen-Bamberg"]
[Site "?"]
[Date "1990.??.??"]
[Round "?.8"]
[White "Eppinger, G."]
[Black "Csulits, A."]
[Result "1/2-1/2"]
[WhiteElo "2260"]
[BlackElo "2320"]
[PlyCount "91"]
[EventDate "1990.??.??"]

1. e4 g6 2. d4 Bg7 3. g3 c5 4. d5 d6 5. Bg2 Nf6 6. Ne2 O-O 7. O-O b5 8. h3 Nbd7
9. g4 Nb6 10. Ng3 a5 11. Nc3 b4 12. Nce2 Ne8 13. Rb1 Nc7 14. b3 a4 15. Bb2 axb3
16. axb3 Bxb2 17. Rxb2 Ba6 18. Qd2 Bxe2 19. Nxe2 Nb5 20. f4 Nd7 21. f5 Kg7 22.
g5 Qb6 23. Kh1 Kg8 24. h4 Ne5 25. Bh3 Ra7 26. h5 Nd4 27. f6 Rfa8 28. Nxd4 cxd4
29. fxe7 Rxe7 30. h6 Rea7 31. Qf4 Qd8 32. Rbb1 Ra2 33. Rbc1 Qe7 34. Rfd1 Rf8
35. Rxd4 Rb8 36. Rd2 Rb7 37. Rf1 Rc7 38. Qf6 Qxf6 39. Rxf6 Ra6 40. Bf1 Rb6 41.
Be2 Kf8 42. Kg2 Ke7 43. Rf1 Ra7 44. Kg3 Rb8 45. Bd1 Rc7 46. Rd4 1/2-1/2

[Event "BL 9091 Kirchheim-Nürnberg"]
[Site "?"]
[Date "1990.??.??"]
[Round "?.1"]
[White "Jansa, V."]
[Black "Haba, P."]
[Result "1/2-1/2"]
[WhiteElo "2455"]
[BlackElo "2440"]
[PlyCount "101"]
[EventDate "1990.??.??"]

1. e4 e5 2. Nf3 Nc6 3. Bb5 a6 4. Ba4 Nf6 5. O-O Nxe4 6. d4 b5 7. Bb3 d5 8. dxe5
Be6 9. Qe2 Be7 10. Rd1 O-O 11. c4 bxc4 12. Bxc4 Bc5 13. Be3 Bxe3 14. Qxe3 Qb8
15. Bb3 Na5 16. Nbd2 Qa7 17. Qxa7 Rxa7 18. Rac1 c5 19. Nxe4 Nxb3 20. axb3 dxe4
21. Nd2 Bf5 22. Nc4 f6 23. exf6 Rxf6 24. Rd8+ Rf8 25. Rxf8+ Kxf8 26. h3 Be6 27.
Nd2 Bd5 28. Rxc5 Rd7 29. Rc2 h6 30. Kf1 Kg8 31. g3 Be6 32. Kg2 Rd3 33. Nxe4 Bd5
34. f3 Rxb3 35. Nd2 Rb5 36. Kf2 Kh7 37. Ke3 a5 38. Kd4 Bf7 39. Ne4 Bg6 40. Re2
Rb4+ 41. Kc5 Rb3 42. Nc3 a4 43. Nxa4 Rxf3 44. Rg2 Bf5 45. h4 Bh3 46. Rg1 Rb3
47. g4 h5 48. gxh5 Bd7 49. Nc3 Rxb2 50. Nd5 Rh2 51. Kd6 1/2-1/2

[Event "BL 9091 Kirchheim-Nürnberg"]
[Site "?"]
[Date "1990.??.??"]
[Round "?.2"]
[White "Gschnitzer, O."]
[Black "Pribyl, J."]
[Result "1/2-1/2"]
[WhiteElo "2440"]
[BlackElo "2430"]
[PlyCount "42"]
[EventDate "1990.??.??"]

1. Nf3 Nf6 2. c4 g6 3. Nc3 d5 4. cxd5 Nxd5 5. Qa4+ Nc6 6. Ne5 Ndb4 7. a3 Bg7 8.
axb4 Bxe5 9. b5 Nb8 10. e3 Bg7 11. d4 b6 12. Be2 Bb7 13. O-O O-O 14. Bd2 a6 15.
Qb3 axb5 16. Bxb5 e5 17. d5 Nd7 18. Rxa8 Bxa8 19. Qc4 Nc5 20. Rd1 Nb7 21. Qa4
Nd6 1/2-1/2

[Event "BL 9091 Kirchheim-Nürnberg"]
[Site "?"]
[Date "1990.??.??"]
[Round "?.3"]
[White "Seibold, H."]
[Black "Vonthron, H."]
[Result "1/2-1/2"]
[WhiteElo "2210"]
[BlackElo "2405"]
[PlyCount "73"]
[EventDate "1990.??.??"]

1. e4 d6 2. d4 c6 3. Nc3 g6 4. f4 d5 5. e5 h5 6. Nf3 Bg4 7. h3 Bxf3 8. Qxf3 e6
9. Be3 h4 10. Bf2 Nh6 11. Bd3 Be7 12. O-O Nd7 13. Nd1 Nf5 14. c3 Qc7 15. Ne3
Nxe3 16. Bxe3 O-O-O 17. Rfc1 Kb8 18. a4 c5 19. c4 dxc4 20. Bxc4 cxd4 21. Bxd4
Bc5 22. Bxc5 Qxc5+ 23. Kh1 Rc8 24. b4 Qd4 25. Rd1 Qxc4 26. Rxd7 Rc7 27. Rxc7
Qxc7 28. a5 Rd8 29. Rd1 a6 30. Rxd8+ Qxd8 31. Qf2 Kc8 32. Kh2 Kd7 33. Qf3 Kc7
34. Qf2 Qe7 35. Qb6+ Kc8 36. Qd4 Qd8 37. Qf2 1/2-1/2

[Event "BL 9091 Kirchheim-Nürnberg"]
[Site "?"]
[Date "1990.??.??"]
[Round "?.4"]
[White "Mueller, O."]
[Black "Huemmer, B."]
[Result "1-0"]
[WhiteElo "2350"]
[BlackElo "2265"]
[PlyCount "57"]
[EventDate "1990.??.??"]

1. e4 Nf6 2. e5 Nd5 3. d4 d6 4. Nf3 Nb6 5. Be2 g6 6. Bf4 Bg7 7. O-O O-O 8. a4
a5 9. Nc3 Bg4 10. h3 Bxf3 11. Bxf3 Nc6 12. exd6 cxd6 13. Nb5 Nd7 14. Re1 Nf6
15. Ra3 Rc8 16. Rae3 e5 17. dxe5 dxe5 18. Rd3 Qb6 19. Bxe5 Nxe5 20. Rxe5 Ng4
21. Bxg4 Bxe5 22. Bxc8 Rxc8 23. c3 Rc4 24. Qe2 Qf6 25. Rd5 Bg3 26. fxg3 Rxa4
27. Kh2 h5 28. Qe5 Qb6 29. Rd6 1-0

[Event "BL 9091 Solingen-Bielefeld"]
[Site "?"]
[Date "1990.??.??"]
[Round "?.2"]
[White "Chandler, M."]
[Black "Beckemeyer, W."]
[Result "1/2-1/2"]
[WhiteElo "2560"]
[BlackElo "2345"]
[PlyCount "47"]
[EventDate "1990.??.??"]

1. e4 e5 2. Nf3 Nc6 3. Bb5 a6 4. Ba4 Nf6 5. O-O Nxe4 6. d4 b5 7. Bb3 d5 8. dxe5
Be6 9. Nbd2 Be7 10. Nxe4 dxe4 11. Bxe6 fxe6 12. Ng5 Bxg5 13. Qh5+ g6 14. Qxg5
O-O 15. Qg4 Qd5 16. Re1 Rf5 17. Bh6 Nxe5 18. Qxe4 Rd8 19. Bf4 Qxe4 20. Rxe4 Nc4
21. Bxc7 Rc8 22. Bg3 Nxb2 23. Rxe6 a5 24. Ra6 1/2-1/2

[Event "BL 9091 Solingen-Bielefeld"]
[Site "?"]
[Date "1990.??.??"]
[Round "?.3"]
[White "Stertenbrink, G."]
[Black "Lau, R."]
[Result "0-1"]
[WhiteElo "2280"]
[BlackElo "2475"]
[PlyCount "107"]
[EventDate "1990.??.??"]

1. e4 c5 2. Nf3 e6 3. d4 cxd4 4. Nxd4 Nc6 5. Be3 Qc7 6. Nc3 a6 7. Be2 b5 8. O-O
Bb7 9. a3 Rc8 10. Nxc6 Qxc6 11. Qd4 Nf6 12. f3 Bc5 13. Qxc5 Qxc5 14. Bxc5 Rxc5
15. Bd3 e5 16. a4 b4 17. Na2 a5 18. Nc1 Rc8 19. Nb3 Ra8 20. Bb5 Ke7 21. Nc5 Ra7
22. Rac1 d6 23. Nxb7 Rxb7 24. c3 bxc3 25. Rxc3 Nd7 26. Rd1 Nc5 27. Rd5 f6 28.
Kf2 g5 29. Rd1 h5 30. h3 h4 31. b3 Rhb8 32. Rd5 Rc7 33. Ke3 Ne6 34. Rdd3 Rbb7
35. Rxc7+ Rxc7 36. Bc4 Nf4 37. Rd2 Rc5 38. Kf2 f5 39. exf5 d5 40. Bb5 Kf6 41.
Bd7 Rc3 42. Bb5 Kxf5 43. Rb2 e4 44. fxe4+ dxe4 45. Ba6 Ke5 46. Bb5 e3+ 47. Kf3
e2+ 48. Kf2 Rg3 49. Bxe2 Rxg2+ 50. Kf3 Rg3+ 51. Kf2 Rxh3 52. Bf3 Rh2+ 53. Bg2
Rxg2+ 54. Kf3 0-1

[Event "BL 9091 Solingen-Bielefeld"]
[Site "?"]
[Date "1990.??.??"]
[Round "?.4"]
[White "Mohr, S."]
[Black "Panzer, P."]
[Result "1/2-1/2"]
[WhiteElo "2430"]
[BlackElo "2280"]
[PlyCount "89"]
[EventDate "1990.??.??"]

1. d4 Nf6 2. c4 g6 3. Nc3 Bg7 4. e4 d6 5. Be2 O-O 6. Bg5 Na6 7. f4 h6 8. Bh4
Qe8 9. Qd2 e5 10. fxe5 dxe5 11. d5 Nd7 12. g4 f5 13. gxf5 gxf5 14. O-O-O Nf6
15. Bxf6 Rxf6 16. Nf3 fxe4 17. Nxe4 Rf4 18. Qe3 Bf5 19. Nfd2 Qa4 20. a3 Rf8 21.
Bd3 b6 22. Rhg1 Qd7 23. Rg3 Rg4 24. Rdg1 Kh8 25. Nf2 Rxg3 26. Qxg3 Nc5 27. Bxf5
Rxf5 28. Nfe4 Nxe4 29. Nxe4 Qf7 30. Qg2 Bf8 31. Kb1 Rf4 32. Ka1 a5 33. Qe2 Qf5
34. Qg2 Qh7 35. Re1 Qf5 36. Qe2 Bg7 37. Ng3 Qf7 38. Nh5 Rf5 39. Nxg7 Qxg7 40.
Qd3 Qf6 41. Qc3 Rf1 42. Rxf1 Qxf1+ 43. Ka2 Qf4 44. c5 bxc5 45. Qxc5 1/2-1/2

[Event "BL 9091 Solingen-Bielefeld"]
[Site "?"]
[Date "1990.??.??"]
[Round "?.5"]
[White "Haskamp, S."]
[Black "Reeh, O."]
[Result "1/2-1/2"]
[WhiteElo "2275"]
[BlackElo "2465"]
[PlyCount "168"]
[EventDate "1990.??.??"]

1. e4 c5 2. Nc3 Nc6 3. Nge2 g6 4. d4 cxd4 5. Nxd4 Bg7 6. Nde2 Nf6 7. g3 O-O 8.
Bg2 d6 9. O-O Rb8 10. a4 b6 11. h3 Bb7 12. Nd5 Nd7 13. c3 e6 14. Ne3 Ba6 15.
Ra2 Rc8 16. f4 Qe7 17. Re1 Nf6 18. Kh2 Rfd8 19. b3 Bb7 20. Ba3 Qc7 21. Rd2 Ne8
22. c4 a6 23. Qb1 Nb8 24. Red1 Bf8 25. Bb2 Nd7 26. Bc3 Nc5 27. Ng4 Bc6 28. Nd4
Ba8 29. Nf2 Bg7 30. Qc2 e5 31. Ne2 exf4 32. Nxf4 Bxc3 33. Qxc3 Qe7 34. Ng4 f6
35. Nd5 Bxd5 36. exd5 Qg7 37. Re2 Nd7 38. Rde1 Ne5 39. Nxe5 fxe5 40. Qb4 Qc7
41. h4 Nf6 42. Bh3 Rb8 43. Rf1 Rf8 44. Ref2 Kg7 45. Be6 Qc5 46. Qd2 Qd4 47.
Qxd4 exd4 48. Kg2 d3 49. Re1 Rbe8 50. Rf4 Nd7 51. Rxf8 Nxf8 52. Rd1 Nxe6 53.
dxe6 Rxe6 54. Rxd3 Re2+ 55. Kf3 Re6 56. Rd5 Rf6+ 57. Ke3 Re6+ 58. Kd4 Rf6 59.
Ke4 Re6+ 60. Kd4 Rf6 61. b4 a5 62. bxa5 bxa5 63. Rxa5 Rf3 64. Ra7+ Kf6 65. g4
Ke6 66. Rxh7 Rf4+ 67. Kc3 Rxg4 68. a5 d5 69. cxd5+ Kxd5 70. a6 Ra4 71. a7 Kc6
72. Kb3 Ra1 73. Kb4 Ra2 74. Rg7 Ra1 75. Rxg6+ Kb7 76. Rg7+ Ka8 77. Rh7 Ra4+ 78.
Kb5 Ra5+ 79. Kc6 Ra6+ 80. Kd5 Rd6+ 81. Ke5 Re6+ 82. Kf5 Rf6+ 83. Kg5 Rg6+ 84.
Kh5 Rg5+ 1/2-1/2

[Event "BL 9091 Solingen-Bielefeld"]
[Site "?"]
[Date "1990.??.??"]
[Round "?.6"]
[White "Podzielny, K."]
[Black "Beilfuss, W."]
[Result "1-0"]
[WhiteElo "2445"]
[BlackElo "2220"]
[PlyCount "41"]
[EventDate "1990.??.??"]

1. d4 Nf6 2. Nf3 e6 3. g3 c5 4. Bg2 Qc7 5. O-O cxd4 6. Nxd4 a6 7. Bg5 Be7 8. c4
Nc6 9. Nc3 d6 10. Rc1 Nxd4 11. Qxd4 O-O 12. Rfd1 Rd8 13. Ne4 e5 14. Qd3 Be6 15.
Bxf6 gxf6 16. Qf3 f5 17. Nc3 Bg5 18. e3 Qxc4 19. h4 Bf6 20. e4 Qb4 21. exf5 1-0

[Event "BL 9091 Solingen-Bielefeld"]
[Site "?"]
[Date "1990.??.??"]
[Round "?.7"]
[White "Geveke, M."]
[Black "Schulte, O."]
[Result "1-0"]
[WhiteElo "2320"]
[BlackElo "2410"]
[PlyCount "105"]
[EventDate "1990.??.??"]

1. Nf3 c5 2. c4 Nf6 3. g3 d5 4. cxd5 Nxd5 5. Nc3 Nc7 6. d4 cxd4 7. Qxd4 Qxd4 8.
Nxd4 Bd7 9. Bf4 Nba6 10. Bg2 f6 11. Bxc7 Nxc7 12. Bxb7 Rb8 13. Bc6 Bxc6 14.
Nxc6 Rb6 15. Nxa7 e6 16. a4 Rxb2 17. O-O Bc5 18. Rab1 Rxb1 19. Rxb1 Bxa7 20.
Rb7 Kd7 21. Rxa7 Kc6 22. Nb5 Nxb5 23. axb5+ Kxb5 24. Rxg7 Kc5 25. Rf7 f5 26.
Kg2 Kd5 27. Kf3 Ke5 28. Ke3 h6 29. Kf3 Rg8 30. Rh7 Rg6 31. h4 Kd6 32. h5 Rf6
33. Rg7 Ke5 34. Ke3 Rf8 35. Rg6 Rh8 36. f4+ Kd5 37. Kf3 Rh7 38. Rf6 Rh8 39. g4
fxg4+ 40. Kxg4 e5 41. Rf5 Re8 42. Kf3 Kd6 43. Rxe5 Rxe5 44. fxe5+ Kxe5 45. e4
Ke6 46. Kf4 Kf6 47. e5+ Ke6 48. Ke4 Ke7 49. Kf5 Kf7 50. e6+ Ke7 51. Ke5 Ke8 52.
Kf6 Kf8 53. Kg6 1-0

[Event "BL 9091 Dortmund-Delmenhorst"]
[Site "?"]
[Date "1990.??.??"]
[Round "?.2"]
[White "Smagin, S."]
[Black "Armas, I."]
[Result "1/2-1/2"]
[WhiteElo "2550"]
[BlackElo "2465"]
[PlyCount "66"]
[EventDate "1990.??.??"]

1. e4 c5 2. c3 d5 3. exd5 Qxd5 4. d4 Nc6 5. Nf3 Bg4 6. Be2 cxd4 7. cxd4 e6 8.
Nc3 Qa5 9. O-O Nf6 10. h3 Bh5 11. Be3 Be7 12. Qb3 Qb4 13. g4 Bg6 14. Ne5 O-O
15. g5 Qxb3 16. axb3 Nd5 17. Nxd5 exd5 18. Rfc1 Bf5 19. Nxc6 bxc6 20. Bg4 Bxg4
21. hxg4 f6 22. Rxc6 fxg5 23. Rc7 Bf6 24. Raxa7 Rxa7 25. Rxa7 Rb8 26. Ra3 Kf7
27. Kf1 Be7 28. Ra5 Ke6 29. Ra6+ Kf7 30. Ra7 h6 31. Ra5 Ke6 32. Ra6+ Kf7 33.
Ra5 Ke6 1/2-1/2

[Event "BL 9091 Dortmund-Delmenhorst"]
[Site "?"]
[Date "1990.??.??"]
[Round "?.3"]
[White "Hermann, Man"]
[Black "Mainka, R."]
[Result "0-1"]
[WhiteElo "2390"]
[BlackElo "2435"]
[PlyCount "112"]
[EventDate "1990.??.??"]

1. e4 e5 2. Nf3 Nc6 3. Bb5 a6 4. Ba4 Nf6 5. Qe2 d6 6. c3 Be7 7. O-O O-O 8. d4
Bd7 9. Bb3 Bg4 10. Rd1 Nd7 11. h3 Bh5 12. g4 Bg6 13. dxe5 dxe5 14. Bd5 Qc8 15.
Nbd2 Nd8 16. Nf1 c6 17. Bb3 Nc5 18. Bc2 Qc7 19. Ng3 Re8 20. h4 f6 21. Be3 Nce6
22. Qd2 Bc5 23. Bxc5 Nxc5 24. h5 Bf7 25. g5 fxg5 26. Qxg5 h6 27. Qg4 Be6 28.
Nf5 Bxf5 29. exf5 Nd7 30. Bb3+ Kh8 31. Rxd7 Qxd7 32. Nh4 Qd2 33. Rd1 Qg5 34. f3
a5 35. Rd7 a4 36. Qxg5 hxg5 37. f6 Kh7 38. Rxg7+ Kh6 39. Nf5+ Kxh5 40. f7 Rf8
41. f4 Kg4 42. Nh6+ Kxf4 43. Bc2 Ke3 44. Bf5 e4 45. Rxg5 Nxf7 46. Rg3+ Kd2 47.
Rg2+ Kc1 48. Ng4 Nd6 49. Bg6 Rf3 50. Ne5 Rf4 51. Kh2 Nf5 52. Bxf5 Rxf5 53. Nc4
Rh8+ 54. Kg1 b5 55. Nd6 Rf4 56. Nb7 Rhh4 0-1